000 01682cam a2200421 a 4500
001 20343
003 VRT
005 20260121131607.0
008 240318s1976 ru bo gr 000 0 slo
020 _q(brož.)
039 9 _a202510300919
_bmsnk160
_c202510300917
_dmsnk160
_c202510300916
_dmsnk160
_c202510300915
_dmsnk160
040 _aSNK
_bslo
_cSNK
_eAACR2
041 1 _aslo
_hrus
043 _ae-ru---
044 _aru
_cRU
072 7 _a913(4)
_xGeografia Európy, reálie, cestovanie
_2konspekt
080 _a908.470
_21981
080 _a711.432
_22011
080 _a(470)
_22011
080 _a(036)913
_22011
100 1 _aČernov, Vladimir Timofejevič
_4aut
240 1 0 _aKratkij putevoditeľ
_lSlovensky
245 1 0 _aMoskva
_bstručný sprievodca
_cVladimír Černov ; [z ruštiny preložila M. Ižoldová]
260 _aMoskva
_bProgress
_c1976
300 _a221 s.
_bfotogr., mapy
_c21 cm
_e1 voľná príloha
650 0 7 _ahlavné mestá
_2SNKPH
651 7 _aMoskva (Rusko)
_2SNKPHgeo
655 7 _aturistickí sprievodcovia (publikácie)
_2SNKPH
700 1 _aIžoldová, M.
_4trl
942 _2ddc
_cOLDO
_n0
949 _6270001000240465
_asvkbbA 12417
_bsvkbbm 331105
949 _617A1076011
_asnkSC 41265 D1
_bsnkZK 171/77
_opríloha:1 ks mapa
_ppríloha:1 ks mapa
_qpríloha:1 ks mapa
_rpríloha:1 ks mapa
949 _617A1076010
_9príloha
_asnkSC 41265 D1
_bsnkZK 171/77
949 _617A1075950
_asnkSC 41265 D2
_bsnkK 2131/77
_opríloha: 1ks mapa
_ppríloha: 1ks mapa
_qpríloha: 1ks mapa
_rpríloha: 1ks mapa
949 _617A1076012
_9príloha
_asnkSC 41265 D2
_bsnkK 2131/77
999 _c20343
_d20343